[Event "DVM U20 2024"]
[Site "Breisach am Rhein GER"]
[Date "2024.12.28"]
[Round "4"]
[White "Sabirov, Rafael"]
[Black "Fuhrmann, Bahne"]
[Result "1/2-1/2"]
[Termination "normal"]
[Board "2.4"]
[WhiteElo "2145"]
[BlackElo "2233"]
[WhiteTeam "SG Porz"]
[BlackTeam "Hamburger SK 1830"]
[PlyCount "77"]
[WhiteFideId "16241185"]
[BlackFideId "16244842"]
[EventCountry "GER"]
[EventRounds "7"]
[EventType "team-swiss"]
[EventDate "2024.12.26"]

1. e4 e6 2. d4 d5 3. Nc3 Nf6 4. e5 Nfd7 5. f4 c5 6. Nf3 Nc6 7. Be3 Qb6 8. Na4
Qa5+ 9. c3 b6 10. Bd2 c4 11. b4 Nxb4 12. cxb4 Bxb4 13. Qc2 Bxd2+ 14. Nxd2 b5
15. Nc3 O-O 16. g3 b4 17. Ne2 Qb6 18. Bg2 Bb7 19. O-O f5 20. Nf3 a5 21. h3 Ba6
22. g4 g6 23. gxf5 gxf5 24. Kh2 Kh8 25. Rg1 c3 26. Ng3 Qc6 27. Nh5 a4 28. Rab1
Rab8 29. Bh1 Rg8 30. Rxb4 Rxb4 31. Rxg8+ Kxg8 32. Qg2+ Kf7 33. Qg7+ Ke8 34.
Qg6+ Ke7 35. Qg5+ Ke8 36. Qg8+ Ke7 37. Qg5+ Kf7 38. Qg7+ Ke8 39. Qg4 1/2-1/2

[Event "DVM U20 2024"]
[Site "Breisach am Rhein GER"]
[Date "2024.12.28"]
[Round "4"]
[White "Kliffken, Julian"]
[Black "Kort, Felix"]
[Result "1-0"]
[Termination "normal"]
[Board "2.6"]
[WhiteElo "1767"]
[BlackElo "2047"]
[WhiteTeam "SG Porz"]
[BlackTeam "Hamburger SK 1830"]
[PlyCount "47"]
[WhiteFideId "16298071"]
[BlackFideId "16220129"]
[EventCountry "GER"]
[EventRounds "7"]
[EventType "team-swiss"]
[EventDate "2024.12.26"]

1. d4 Nf6 2. c4 e6 3. Nc3 Bb4 4. Qc2 d6 5. Bg5 h6 6. Bh4 c5 7. e3 Nc6 8. Rd1
cxd4 9. exd4 d5 10. Nf3 O-O 11. Be2 Be7 12. O-O Nb4 13. Qb3 Ne4 14. Bxe7 Qxe7
15. Nxe4 dxe4 16. Ne5 b6 17. a3 Na6 18. f3 exf3 19. Bxf3 Bb7 20. Qe3 Rac8 21.
Bh5 Qh4 22. Bxf7+ Rxf7 23. Rxf7 Ba8 24. Qg3 1-0

[Event "DVM U20 2024"]
[Site "Breisach am Rhein GER"]
[Date "2024.12.28"]
[Round "4"]
[White "Kanzow, Alexander"]
[Black "Schuricht, Emil Frederick"]
[Result "1/2-1/2"]
[Termination "normal"]
[Board "3.1"]
[WhiteElo "1939"]
[BlackElo "2357"]
[WhiteTeam "KSV Rochade Göttingen (Veltheim)"]
[BlackTeam "Krefelder SK Turm 1851"]
[PlyCount "277"]
[WhiteFideId "16225414"]
[BlackFideId "16270185"]
[EventCountry "GER"]
[EventRounds "7"]
[EventType "team-swiss"]
[EventDate "2024.12.26"]

1. c4 e6 2. Nf3 d5 3. d4 Nf6 4. g3 Be7 5. Bg2 O-O 6. O-O dxc4 7. Qc2 b5 8. a4
b4 9. Nfd2 Nd5 10. Nxc4 c5 11. e4 Nb6 12. Nxb6 axb6 13. dxc5 Bxc5 14. Rd1 Qe7
15. Nd2 e5 16. Nb3 Nc6 17. Be3 Bxe3 18. Qxc6 Be6 19. fxe3 Bxb3 20. Qd6 Rfe8 21.
Qxe7 Rxe7 22. Rd3 Bc2 23. Rd2 b3 24. Bf1 Bxe4 25. Bg2 Bxg2 26. Kxg2 Rc7 27. Ra3
Rc2 28. Rxc2 bxc2 29. Rc3 f6 30. b3 Rd8 31. Kf3 Rd3 32. Rxc2 Rxb3 33. Ra2 Kf7
34. a5 bxa5 35. Rxa5 Rb7 36. Rc5 Ra7 37. Rb5 Kg6 38. h3 Kf5 39. e4+ Kg5 40. Rb3
Ra1 41. Rb7 Ra3+ 42. Kf2 Ra2+ 43. Kf3 Kg6 44. Rc7 Rh2 45. h4 Ra2 46. Rb7 Ra3+
47. Kf2 Ra4 48. Kf3 Kh6 49. Rc7 Ra1 50. Kf2 Rb1 51. Ra7 Rb3 52. Rc7 Rb4 53. Kf3
Rb3+ 54. Kf2 Rb8 55. Kf3 Rf8 56. Ra7 Kg6 57. Rb7 Rg8 58. Ra7 Kh5 59. Rb7 h6 60.
Rf7 Kg6 61. Ra7 h5 62. Rb7 Rf8 63. Ra7 Rf7 64. Ra6 Rb7 65. Ra8 Rb3+ 66. Kf2
Rb2+ 67. Kf3 Rb1 68. Ra7 Rf1+ 69. Kg2 Re1 70. Kf3 Rd1 71. Rb7 Rd8 72. Ra7 Rf8
73. Rb7 Rf7 74. Rb6 Ra7 75. Rb8 Kf7 76. Rh8 Kg6 77. Rb8 Re7 78. Ra8 Kf7 79. Ra6
g6 80. Rb6 Ra7 81. Kf2 Rc7 82. Ra6 Kg7 83. Re6 Rf7 84. Ke3 Kh6 85. Re8 Ra7 86.
Re6 Kg7 87. Kf2 Rf7 88. Ke3 Rf8 89. Re7+ Rf7 90. Re6 Rb7 91. Kf2 Kf7 92. Ra6
Rb2+ 93. Ke3 Rb3+ 94. Kf2 Rb7 95. Rc6 Ke7 96. Ra6 Rd7 97. Ke3 Rd6 98. Ra7+ Rd7
99. Ra6 Rb7 100. Kf2 Rb4 101. Ra7+ Ke6 102. Ra6+ Kf7 103. Ra7+ Kf8 104. Kf3
Rb3+ 105. Kf2 Rd3 106. Rb7 Rd8 107. Ra7 Re8 108. Ke3 Re7 109. Ra8+ Kf7 110. Ra6
Rb7 111. Kf2 f5 112. exf5 gxf5 113. Rh6 Rb2+ 114. Ke3 Rb3+ 115. Kf2 Rb2+ 116.
Ke3 Rb3+ 117. Kf2 e4 118. Rxh5 Kf6 119. Rh8 Ke5 120. Re8+ Kd4 121. Rd8+ Ke5
122. Re8+ Kf6 123. Rf8+ Ke6 124. Re8+ Kf7 125. Re5 Kf6 126. Ra5 Rb2+ 127. Kf1
Kg6 128. Rc5 Rb3 129. Kf2 Rf3+ 130. Kg2 Kh5 131. Rc8 Ra3 132. Rg8 Rf3 133. Rg5+
Kh6 134. Rg8 f4 135. Rg4 Rxg3+ 136. Rxg3 fxg3 137. Kxg3 Kh5 138. Kf4 Kxh4 139.
Kxe4 1/2-1/2

[Event "DVM U20 2024"]
[Site "Breisach am Rhein GER"]
[Date "2024.12.28"]
[Round "4"]
[White "Panjer, Sidney"]
[Black "Mimkes, Antal"]
[Result "0-1"]
[Termination "normal"]
[Board "3.2"]
[WhiteElo "2193"]
[BlackElo "2040"]
[WhiteTeam "Krefelder SK Turm 1851"]
[BlackTeam "KSV Rochade Göttingen (Veltheim)"]
[PlyCount "84"]
[WhiteFideId "16207041"]
[BlackFideId "16265963"]
[EventCountry "GER"]
[EventRounds "7"]
[EventType "team-swiss"]
[EventDate "2024.12.26"]

1. d4 Nf6 2. Nf3 e6 3. g3 b6 4. Bg2 Bb7 5. O-O Be7 6. c4 O-O 7. Re1 d5 8. cxd5
exd5 9. Nc3 Nbd7 10. b3 Rc8 11. Bb2 Re8 12. Rc1 Ne4 13. Rc2 Ndf6 14. Bh3 Ra8
15. Ne5 c5 16. Nxe4 Nxe4 17. Nd3 c4 18. Ne5 c3 19. Bc1 b5 20. f3 Nf6 21. a3 Bc6
22. Bg2 Qc7 23. Qd3 b4 24. axb4 Bxb4 25. Bb2 Qb6 26. Bxc3 Rxe5 27. Bxb4 Qxb4
28. Rec1 Ree8 29. e4 dxe4 30. fxe4 Bb7 31. Rc4 Qb6 32. e5 Bxg2 33. Kxg2 Nd5 34.
Qf3 Rad8 35. Rf1 Qe6 36. Ra4 a6 37. Rfa1 Rc8 38. Rxa6 Rc2+ 39. Kg1 Qh3 40. Qh1
Ne3 41. R6a2 Rxa2 42. Rxa2 Qf1# 0-1

[Event "DVM U20 2024"]
[Site "Breisach am Rhein GER"]
[Date "2024.12.28"]
[Round "4"]
[White "Eberle, Florian"]
[Black "Nezhyvenko, Mykhaylo"]
[Result "0-1"]
[Termination "normal"]
[Board "3.3"]
[WhiteElo "1977"]
[BlackElo "2080"]
[WhiteTeam "KSV Rochade Göttingen (Veltheim)"]
[BlackTeam "Krefelder SK Turm 1851"]
[PlyCount "66"]
[WhiteFideId "34627731"]
[BlackFideId "34139885"]
[EventCountry "GER"]
[EventRounds "7"]
[EventType "team-swiss"]
[EventDate "2024.12.26"]

1. e4 e6 2. d3 d5 3. Nd2 dxe4 4. dxe4 c5 5. Ngf3 Nc6 6. Bc4 a6 7. a4 Qc7 8. O-O
Nf6 9. Re1 Bd6 10. Bb3 e5 11. c3 O-O 12. Nc4 Be7 13. Ne3 Na5 14. Bd5 Bd7 15.
Qe2 Rac8 16. c4 Nb3 17. Ra3 Nd4 18. Nxd4 cxd4 19. Rb3 dxe3 20. Bxe3 Nxd5 21.
cxd5 Bxa4 22. Rb6 Qd7 23. Qh5 Bd8 24. Qxe5 Bxb6 25. Bxb6 Rfe8 26. Qg5 f6 27.
Qe3 Qe7 28. h3 Bb5 29. Bd4 Qf7 30. f4 f5 31. Be5 fxe4 32. Qxe4 Rcd8 33. Rd1 Bc6
0-1

[Event "DVM U20 2024"]
[Site "Breisach am Rhein GER"]
[Date "2024.12.28"]
[Round "4"]
[White "Lübke, Robin"]
[Black "Tulchynsky, David"]
[Result "1-0"]
[Termination "normal"]
[Board "3.4"]
[WhiteElo "2033"]
[BlackElo "1877"]
[WhiteTeam "Krefelder SK Turm 1851"]
[BlackTeam "KSV Rochade Göttingen (Veltheim)"]
[PlyCount "79"]
[WhiteFideId "34629670"]
[BlackFideId "16289560"]
[EventCountry "GER"]
[EventRounds "7"]
[EventType "team-swiss"]
[EventDate "2024.12.26"]

1. Nf3 Nf6 2. d4 d5 3. e3 e6 4. c4 Be7 5. Nc3 b6 6. cxd5 Nxd5 7. Bd3 Bb7 8. O-O
O-O 9. Bd2 c5 10. Nxd5 Bxd5 11. dxc5 Bxf3 12. Qxf3 Qxd3 13. Qxa8 Qxd2 14. c6
Qd8 15. Qb7 Bd6 16. Rad1 Qc7 17. Rxd6 Qxd6 18. c7 Nd7 19. c8=Q Rxc8 20. Qxc8+
Nf8 21. Qc2 Qd5 22. b3 g6 23. Rd1 Qa5 24. g3 h5 25. Qc4 Qf5 26. Rd8 Kg7 27. Qf4
Qc2 28. Qd4+ f6 29. Qb4 Nh7 30. Qe7+ Kh6 31. Rd7 Qb1+ 32. Kg2 Qe4+ 33. Kf1 Qb1+
34. Ke2 Qc2+ 35. Rd2 Qc6 36. Qd6 Qb5+ 37. Qd3 Qc6 38. Qc4 Qh1 39. h4 e5 40. Qf7
1-0

[Event "DVM U20 2024"]
[Site "Breisach am Rhein GER"]
[Date "2024.12.28"]
[Round "4"]
[White "Schilling, Rumo"]
[Black "Schuricht, Paul Alexander"]
[Result "1/2-1/2"]
[Termination "normal"]
[Board "3.5"]
[WhiteElo "1665"]
[BlackElo "1856"]
[WhiteTeam "KSV Rochade Göttingen (Veltheim)"]
[BlackTeam "Krefelder SK Turm 1851"]
[PlyCount "43"]
[WhiteFideId "16283139"]
[BlackFideId "16270177"]
[EventCountry "GER"]
[EventRounds "7"]
[EventType "team-swiss"]
[EventDate "2024.12.26"]

1. e4 e5 2. Nf3 Nc6 3. d4 exd4 4. Nxd4 Bc5 5. Nb3 Bb6 6. Nc3 d6 7. Qe2 Be6 8.
Be3 Qe7 9. O-O-O O-O-O 10. Nd5 Bxd5 11. exd5 Bxe3+ 12. Qxe3 Qxe3+ 13. fxe3 Ne5
14. Bd3 Ne7 15. e4 N7g6 16. h3 h5 17. Rhf1 Rde8 18. Nd4 Nxd3+ 19. cxd3 Ne5 20.
Kd2 Kd7 21. Nf3 Nxf3+ 22. Rxf3 1/2-1/2

[Event "DVM U20 2024"]
[Site "Breisach am Rhein GER"]
[Date "2024.12.28"]
[Round "4"]
[White "Jovanovic, Lucas"]
[Black "Tulchynsky, Mark"]
[Result "1/2-1/2"]
[Termination "normal"]
[Board "3.6"]
[WhiteElo "1793"]
[BlackElo "1714"]
[WhiteTeam "Krefelder SK Turm 1851"]
[BlackTeam "KSV Rochade Göttingen (Veltheim)"]
[PlyCount "51"]
[WhiteFideId "34624406"]
[BlackFideId "34617698"]
[EventCountry "GER"]
[EventRounds "7"]
[EventType "team-swiss"]
[EventDate "2024.12.26"]

1. e4 c6 2. Nf3 d5 3. d3 dxe4 4. Ng5 Nf6 5. Nc3 Bg4 6. Qd2 e6 7. Ngxe4 Bb4 8.
a3 Nxe4 9. dxe4 Bxc3 10. bxc3 Qxd2+ 11. Bxd2 Nd7 12. h4 Bh5 13. f3 f6 14. O-O-O
O-O-O 15. g4 Bf7 16. Be3 b6 17. f4 e5 18. f5 Nb8 19. Be2 Rxd1+ 20. Rxd1 Rd8 21.
Rd3 c5 22. g5 c4 23. Rxd8+ Kxd8 24. h5 Bg8 25. g6 h6 26. Kb2 1/2-1/2

[Event "DVM U20 2024"]
[Site "Breisach am Rhein GER"]
[Date "2024.12.28"]
[Round "4"]
[White "Nguyen, Alex Dac-Vuong"]
[Black "Skembris, Simon Max"]
[Result "1-0"]
[Termination "normal"]
[Board "4.1"]
[WhiteTitle "IM"]
[WhiteElo "2360"]
[BlackElo "2063"]
[WhiteTeam "SG Leipzig"]
[BlackTeam "SK Freiburg-Zähringen 1887"]
[PlyCount "61"]
[WhiteFideId "12984388"]
[BlackFideId "16281381"]
[EventCountry "GER"]
[EventRounds "7"]
[EventType "team-swiss"]
[EventDate "2024.12.26"]

1. d4 Nf6 2. c4 e6 3. Nf3 Bb4+ 4. Nbd2 d5 5. Qa4+ Nc6 6. a3 Be7 7. g3 O-O 8.
Bg2 Nb8 9. O-O a6 10. Qc2 b6 11. e4 Bb7 12. cxd5 exd5 13. e5 Nfd7 14. b4 c5 15.
bxc5 bxc5 16. Rb1 Qc7 17. Nb3 c4 18. Bf4 Bc6 19. Nbd2 Qc8 20. Bh3 Qd8 21. Rfe1
Re8 22. e6 fxe6 23. Bxe6+ Kh8 24. Bf5 Nf8 25. Ne5 Kg8 26. Ndxc4 Bb5 27. Nd2 Bf6
28. Ndf3 Qa5 29. Qa2 Ba4 30. Be4 Rd8 31. Bd2 1-0

[Event "DVM U20 2024"]
[Site "Breisach am Rhein GER"]
[Date "2024.12.28"]
[Round "4"]
[White "Langner, Robin"]
[Black "Haufe, Laurin"]
[Result "1-0"]
[Termination "normal"]
[Board "4.2"]
[WhiteElo "2032"]
[BlackElo "2170"]
[WhiteTeam "SK Freiburg-Zähringen 1887"]
[BlackTeam "SG Leipzig"]
[PlyCount "105"]
[WhiteFideId "34606190"]
[BlackFideId "12976504"]
[EventCountry "GER"]
[EventRounds "7"]
[EventType "team-swiss"]
[EventDate "2024.12.26"]

1. d4 Nf6 2. c4 c5 3. d5 b5 4. cxb5 a6 5. e3 Bb7 6. Nc3 Qa5 7. Bd2 axb5 8. Bxb5
Qb6 9. Nf3 Nxd5 10. a4 Nb4 11. O-O e6 12. e4 Be7 13. Bf4 N8c6 14. Ne5 Qd8 15.
Qg4 Nxe5 16. Bxe5 Bf6 17. Bd6 h5 18. Qg3 h4 19. Qg4 h3 20. Rad1 hxg2 21. Rfe1
Nc2 22. Nd5 Bxd5 23. exd5 e5 24. Qf5 Nxe1 25. Rxe1 Qc8 26. Rxe5+ Kd8 27. Re3
Ra6 28. Bxc5 Qc7 29. Rh3 Re8 30. d6 Qb7 31. Re3 Rxe3 32. fxe3 Kc8 33. b4 Rc6
34. Qe4 Bd8 35. Kxg2 Rxc5 36. Qxb7+ Kxb7 37. bxc5 Kc8 38. Ba6+ Kb8 39. Kf3 f5
40. Kf4 g6 41. Ke5 Ba5 42. Kd4 Bd2 43. e4 fxe4 44. Kxe4 g5 45. Kd5 Bb4 46. h3
Bc3 47. Be2 Kc8 48. Bg4 Kd8 49. Kc4 Bd2 50. Kb5 Bf4 51. a5 Kc8 52. Kb6 Be3 53.
a6 1-0

[Event "DVM U20 2024"]
[Site "Breisach am Rhein GER"]
[Date "2024.12.28"]
[Round "4"]
[White "Herrmann, Arthur"]
[Black "Lauterbach, Kolja"]
[Result "1-0"]
[Termination "normal"]
[Board "4.3"]
[WhiteElo "1992"]
[BlackElo "1958"]
[WhiteTeam "SG Leipzig"]
[BlackTeam "SK Freiburg-Zähringen 1887"]
[PlyCount "103"]
[WhiteFideId "16287150"]
[BlackFideId "16235916"]
[EventCountry "GER"]
[EventRounds "7"]
[EventType "team-swiss"]
[EventDate "2024.12.26"]

1. e4 e5 2. Nf3 Nc6 3. Bb5 Nf6 4. d3 Bc5 5. c3 O-O 6. O-O d6 7. Nbd2 a6 8. Ba4
b5 9. Bc2 Bb6 10. h3 Ne7 11. Re1 Ng6 12. Nf1 Re8 13. Ng3 h6 14. d4 c5 15. dxe5
dxe5 16. Qxd8 Rxd8 17. Be3 Be6 18. a4 Nd7 19. Red1 Bc7 20. Nf5 b4 21. Nd2 bxc3
22. bxc3 Ba5 23. Ra3 Nf4 24. Bxf4 Bxf5 25. exf5 exf4 26. Nc4 Bc7 27. Rd5 Rac8
28. Rb3 Ne5 29. Rxe5 Bxe5 30. Nxe5 Re8 31. Nf3 Re2 32. Rb2 Rce8 33. Kf1 Kf8 34.
Ra2 R8e4 35. a5 Ke7 36. Rb2 Kf8 37. Rb8+ Re8 38. Rxe8+ Rxe8 39. Nd2 Rb8 40. Nc4
Ke7 41. Ke2 Kf6 42. Kf3 Re8 43. Be4 Rb8 44. Nb6 Rd8 45. Kxf4 g6 46. Nd5+ Kg7
47. f6+ Kf8 48. Ke5 Rb8 49. Ne7 Rd8 50. Bd5 Rd7 51. Nc6 Ke8 52. Nb8 1-0

[Event "DVM U20 2024"]
[Site "Breisach am Rhein GER"]
[Date "2024.12.28"]
[Round "4"]
[White "Ciuloi, Victor Stefan"]
[Black "Schäfer, Konstantin"]
[Result "1-0"]
[Termination "normal"]
[Board "4.4"]
[WhiteElo "1941"]
[BlackElo "1869"]
[WhiteTeam "SK Freiburg-Zähringen 1887"]
[BlackTeam "SG Leipzig"]
[PlyCount "103"]
[WhiteFideId "16242262"]
[BlackFideId "16240510"]
[EventCountry "GER"]
[EventRounds "7"]
[EventType "team-swiss"]
[EventDate "2024.12.26"]

1. d4 Nf6 2. Nf3 c5 3. d5 e6 4. Nc3 Nxd5 5. Nxd5 exd5 6. Qxd5 Nc6 7. e4 d6 8.
Ng5 Qc7 9. Bc4 Ne5 10. Bb5+ Bd7 11. Bxd7+ Qxd7 12. f4 Nc6 13. c3 h6 14. Nf3
O-O-O 15. Be3 Qg4 16. Rg1 Qg6 17. O-O-O Be7 18. g4 Qe6 19. f5 Qxd5 20. Rxd5 b6
21. Bf4 Rhe8 22. Re1 Kc7 23. Red1 f6 24. Nh4 Ne5 25. h3 Kc6 26. Bg3 Bf8 27. Ng2
Nf7 28. Nf4 Ng5 29. Bh4 Nxe4 30. Ne6 Rd7 31. c4 b5 32. cxb5+ Kxb5 33. Re1 Kc6
34. Rdd1 d5 35. Rd3 Bd6 36. Red1 g5 37. Be1 Bf4+ 38. Kb1 Rb8 39. Ra3 Be5 40. b3
Rb6 41. Kc2 d4 42. Ra4 Bg3 43. Bxg3 Nxg3 44. Kd3 Kd5 45. Re1 h5 46. Ra5 Rc6 47.
b4 hxg4 48. hxg4 Rh7 49. Nxc5 Rc8 50. Ne4+ Kc6 51. Rc5+ Kb7 52. Nd6+ 1-0

[Event "DVM U20 2024"]
[Site "Breisach am Rhein GER"]
[Date "2024.12.28"]
[Round "4"]
[White "Hördt, Benjamin"]
[Black "Zinke, Mirko"]
[Result "1-0"]
[Termination "normal"]
[Board "4.6"]
[WhiteElo "1901"]
[BlackElo "1791"]
[WhiteTeam "SK Freiburg-Zähringen 1887"]
[BlackTeam "SG Leipzig"]
[PlyCount "91"]
[WhiteFideId "34648810"]
[BlackFideId "16240600"]
[EventCountry "GER"]
[EventRounds "7"]
[EventType "team-swiss"]
[EventDate "2024.12.26"]

1. d4 Nf6 2. c4 g6 3. Nc3 Bg7 4. e4 d6 5. Nf3 O-O 6. Be2 Nbd7 7. O-O e5 8. d5
Nc5 9. Qc2 a5 10. b3 Ne8 11. Bb2 f5 12. a3 Nf6 13. exf5 Bxf5 14. Qd1 Nh5 15. b4
Nd7 16. Ne1 Nf4 17. Bg4 Qg5 18. Bxf5 gxf5 19. Ne2 Rf6 20. Nxf4 Qxf4 21. Qf3
Qxc4 22. Rc1 Qa2 23. Rxc7 Qxb2 24. Rxd7 axb4 25. Rxb7 Qxa3 26. Qh5 Qb3 27. Nf3
Qxd5 28. Rxb4 Qf7 29. Qg5 Rg6 30. Qe3 Bf6 31. Rfb1 Rd8 32. Rb7 Rd7 33. Qa7 Re7
34. Qa8+ Kg7 35. Rb8 Kh6 36. Rf8 Qg7 37. Nd2 Rxg2+ 38. Qxg2 Qxf8 39. Qh3+ Kg6
40. Kh1 Qh6 41. Rg1+ Bg5 42. Qd3 Kf6 43. Qxd6+ Kf7 44. Qd5+ Kf8 45. Nf3 Rg7 46.
Nxg5 1-0

[Event "DVM U20 2024"]
[Site "Breisach am Rhein GER"]
[Date "2024.12.28"]
[Round "4"]
[White "Hayen, Andre"]
[Black "Weidemann, Jakob"]
[Result "0-1"]
[Termination "normal"]
[Board "5.2"]
[WhiteElo "2045"]
[BlackElo "2221"]
[WhiteTeam "SC Untergrombach 46"]
[BlackTeam "SK Münster 32"]
[PlyCount "144"]
[WhiteFideId "16278984"]
[BlackFideId "16255470"]
[EventCountry "GER"]
[EventRounds "7"]
[EventType "team-swiss"]
[EventDate "2024.12.26"]

1. e4 c5 2. Nf3 e6 3. d4 cxd4 4. Nxd4 Nf6 5. Nc3 Nc6 6. Ndb5 Bc5 7. Bf4 O-O 8.
Bc7 Qe7 9. Bd6 Bxd6 10. Qxd6 Qd8 11. O-O-O a6 12. Nd4 Ne7 13. h4 b5 14. f3 Ne8
15. Qh2 b4 16. Na4 d6 17. b3 Qc7 18. g4 Bd7 19. Nb2 Nc6 20. Nc4 Nxd4 21. Rxd4
a5 22. Kb1 a4 23. Nxd6 Qc3 24. Qd2 Qxf3 25. Bg2 Qg3 26. Rh3 Qe5 27. Nc4 Qc5 28.
Ne3 Bc6 29. Rc4 Qb6 30. Rxb4 Qa7 31. Rc4 Bb5 32. Rd4 e5 33. Rb4 Nc7 34. Rh1 Qa5
35. Rd1 axb3 36. cxb3 Na6 37. Rd4 Qa3 38. Nc2 Qe7 39. Rd5 Rfb8 40. Bf1 Bc6 41.
Rd6 Nc5 42. Qc3 Bxe4 43. Qxc5 Rc8 44. Rd8+ Rxd8 45. Qxe7 Rxd1+ 46. Kb2 Rxf1 47.
Qxe5 Bxc2 48. Kxc2 Rf2+ 49. Kc3 Rfxa2 50. h5 h6 51. Kb4 R2a6 52. Qc7 Re6 53.
Kb5 Ree8 54. Qd7 Reb8+ 55. Kc4 Rb6 56. g5 hxg5 57. Qf5 Rab8 58. Qxg5 Rb4+ 59.
Kd3 Rxb3+ 60. Ke2 Rb2+ 61. Ke3 R2b3+ 62. Ke2 R3b5 63. Qg4 Rb2+ 64. Kf1 Ra8 65.
Qd1 Rb6 66. Kg2 Rf6 67. Qd5 Re8 68. Kg3 Re3+ 69. Kg4 Ref3 70. Qd8+ Kh7 71. Qe8
R6f4+ 72. Kg5 f6# 0-1

[Event "DVM U20 2024"]
[Site "Breisach am Rhein GER"]
[Date "2024.12.28"]
[Round "4"]
[White "Schröder, Lennart"]
[Black "Doll, Rebecca"]
[Result "1-0"]
[Termination "normal"]
[Board "5.3"]
[WhiteElo "2127"]
[BlackElo "1987"]
[WhiteTeam "SK Münster 32"]
[BlackTeam "SC Untergrombach 46"]
[PlyCount "101"]
[WhiteFideId "16222490"]
[BlackFideId "16236890"]
[EventCountry "GER"]
[EventRounds "7"]
[EventType "team-swiss"]
[EventDate "2024.12.26"]

1. d4 d5 2. c4 e6 3. Nf3 Nf6 4. g3 Be7 5. Bg2 O-O 6. O-O dxc4 7. Qc2 a6 8. a4
Bd7 9. Ne5 Bc6 10. Nxc6 Nxc6 11. e3 Nd5 12. a5 Ncb4 13. Qxc4 Rc8 14. e4 Nf6 15.
Rd1 c5 16. d5 Nc6 17. Nc3 Nd4 18. dxe6 Ng4 19. Be3 Qe8 20. exf7+ Rxf7 21. Nd5
Bd6 22. Bf4 Bxf4 23. Nxf4 Kh8 24. Rd2 Ne5 25. Qc3 g5 26. Nd5 Nef3+ 27. Bxf3
Rxf3 28. Rd3 g4 29. Rxf3 gxf3 30. Qe3 Qf8 31. Rd1 Qg7 32. b4 Ne2+ 33. Kh1 cxb4
34. Qxf3 Nd4 35. Qd3 b3 36. Ne7 Qxe7 37. Qxd4+ Kg8 38. Qd5+ Qf7 39. Qxf7+ Kxf7
40. Rd7+ Ke6 41. Rxb7 Rc5 42. Rxb3 Rxa5 43. f4 Ra2 44. Rb6+ Kf7 45. e5 a5 46.
f5 Rf2 47. Rb7+ Kg8 48. g4 Rf4 49. e6 Rxg4 50. f6 Rf4 51. Rb8# 1-0

[Event "DVM U20 2024"]
[Site "Breisach am Rhein GER"]
[Date "2024.12.28"]
[Round "4"]
[White "Toth, Marc"]
[Black "Kvantaliani, Saba"]
[Result "1-0"]
[Termination "normal"]
[Board "5.4"]
[WhiteElo "1793"]
[BlackElo "1964"]
[WhiteTeam "SC Untergrombach 46"]
[BlackTeam "SK Münster 32"]
[PlyCount "37"]
[WhiteFideId "16260210"]
[BlackFideId "16284364"]
[EventCountry "GER"]
[EventRounds "7"]
[EventType "team-swiss"]
[EventDate "2024.12.26"]

1. e4 c5 2. Nf3 d6 3. d4 cxd4 4. Nxd4 Nf6 5. Nc3 a6 6. Be2 e6 7. Bg5 Be7 8. Qd2
b5 9. Bxf6 gxf6 10. Bf3 Bb7 11. a4 b4 12. Nd1 Qa5 13. Nb3 Qb6 14. a5 Qb5 15.
Ne3 Nc6 16. Nd5 Qc4 17. Nc7+ Kd7 18. Nxa8 Rxa8 19. Be2 1-0

[Event "DVM U20 2024"]
[Site "Breisach am Rhein GER"]
[Date "2024.12.28"]
[Round "4"]
[White "Gouterney, Anton"]
[Black "Jung, Niklas"]
[Result "1/2-1/2"]
[Termination "normal"]
[Board "5.5"]
[WhiteElo "1906"]
[BlackElo "1722"]
[WhiteTeam "SK Münster 32"]
[BlackTeam "SC Untergrombach 46"]
[PlyCount "157"]
[WhiteFideId "34675418"]
[BlackFideId "16280601"]
[EventCountry "GER"]
[EventRounds "7"]
[EventType "team-swiss"]
[EventDate "2024.12.26"]

1. e4 c5 2. Nf3 Nc6 3. d4 cxd4 4. Nxd4 e6 5. Nc3 a6 6. g3 Nf6 7. Nxc6 bxc6 8.
e5 Nd5 9. Ne4 Bb7 10. c4 Nb6 11. Bg5 Qb8 12. Nd6+ Bxd6 13. exd6 c5 14. f3 O-O
15. Bd3 f5 16. Be7 Re8 17. O-O Nc8 18. Bc2 Nxe7 19. dxe7 Rxe7 20. Qe2 Rf7 21.
Rad1 Bc6 22. b3 Qe8 23. Qe5 Rc8 24. Rd6 Rf8 25. a4 Qf7 26. Qxc5 Bxf3 27. Qd4
Bc6 28. b4 Qf6 29. Qxf6 Rxf6 30. b5 axb5 31. cxb5 Bxb5 32. axb5 Rxc2 33. Rxd7
Rb2 34. Rb7 Rf7 35. Rb8+ Rf8 36. Rb7 Rc8 37. Rf2 Rxf2 38. Kxf2 Rc3 39. b6 Rb3
40. Rb8+ Kf7 41. b7 e5 42. h3 e4 43. Rh8 Rxb7 44. Rxh7 Rb2+ 45. Ke3 Rb3+ 46.
Kf2 Rf3+ 47. Kg2 Kf6 48. Rh8 Rd3 49. Kf2 Ke5 50. Rg8 Kf6 51. Rf8+ Kg5 52. Rg8
g6 53. Rf8 Rd2+ 54. Kg1 e3 55. Re8 Re2 56. Kf1 Rh2 57. Rxe3 Rxh3 58. Kg2 Kg4
59. Kf2 Rh2+ 60. Kg1 Rd2 61. Ra3 g5 62. Rb3 Kh3 63. Rf3 g4 64. Rxf5 Kxg3 65.
Rf1 Rg2+ 66. Kh1 Rh2+ 67. Kg1 Rg2+ 68. Kh1 Rf2 69. Ra1 Kh3 70. Rb1 g3 71. Ra1
Re2 72. Rb1 Kg4 73. Kg1 Kf3 74. Rb3+ Kg4 75. Rb4+ Kf3 76. Rb1 Re3 77. Ra1 g2
78. Rb1 Kg3 79. Ra1 1/2-1/2

[Event "DVM U20 2024"]
[Site "Breisach am Rhein GER"]
[Date "2024.12.28"]
[Round "4"]
[White "Wettstein, Levin"]
[Black "John, Niklas"]
[Result "1/2-1/2"]
[Termination "normal"]
[Board "5.6"]
[WhiteElo "1741"]
[BlackElo "1794"]
[WhiteTeam "SC Untergrombach 46"]
[BlackTeam "SK Münster 32"]
[PlyCount "129"]
[WhiteFideId "34635866"]
[BlackFideId "16234626"]
[EventCountry "GER"]
[EventRounds "7"]
[EventType "team-swiss"]
[EventDate "2024.12.26"]

1. e4 c5 2. Nc3 d6 3. Nge2 Nf6 4. d4 cxd4 5. Nxd4 g6 6. Be3 Bg7 7. f3 O-O 8.
Bc4 Nc6 9. Qd2 Bd7 10. O-O-O Rc8 11. Bb3 Nxd4 12. Bxd4 b5 13. a3 a5 14. Nd5
Nxd5 15. Bxg7 Kxg7 16. exd5 Kg8 17. h4 b4 18. a4 f6 19. h5 g5 20. Rde1 Bf5 21.
Kb1 h6 22. g4 Bh7 23. Qe2 Rc7 24. Rh2 Qb8 25. Qe3 Rfc8 26. f4 Qa7 27. Qe6+ Kf8
28. fxg5 hxg5 29. h6 Qd4 30. Rhe2 Qf4 31. Ka1 Qf3 32. Bc4 Qh3 33. Bb5 Rd8 34.
Rf2 Qxh6 35. Ref1 Qg7 36. Bd3 Bxd3 37. cxd3 b3 38. Rf5 Qf7 39. Rxg5 Qxe6 40.
dxe6 Rdc8 41. Kb1 Rc2 42. Rxa5 Rd2 43. Rc1 Rb8 44. g5 Kg7 45. gxf6+ Kxf6 46.
Ra7 Rxd3 47. Rf1+ Kxe6 48. Re1+ Kd5 49. Raxe7 Rb4 50. a5 Rbd4 51. Rc1 Ra4 52.
Rh7 Rd2 53. Rh5+ Ke6 54. Rh6+ Ke5 55. Rh5+ Kf6 56. Rh6+ Kg5 57. Rh3 Rxa5 58.
Rg1+ Kf4 59. Rxb3 d5 60. Rf1+ Ke4 61. Rh3 Rc5 62. Re1+ Kf4 63. Rf1+ Ke4 64.
Rhf3 Rcc2 65. Rf4+ 1/2-1/2

[Event "DVM U20 2024"]
[Site "Breisach am Rhein GER"]
[Date "2024.12.28"]
[Round "4"]
[White "Liebold, Aaron"]
[Black "Koll, Linus"]
[Result "1/2-1/2"]
[Termination "normal"]
[Board "6.1"]
[WhiteElo "2070"]
[BlackElo "2041"]
[WhiteTeam "ESV Gera"]
[BlackTeam "Karlsruher SF 1853"]
[PlyCount "41"]
[WhiteFideId "12997846"]
[BlackFideId "12990299"]
[EventCountry "GER"]
[EventRounds "7"]
[EventType "team-swiss"]
[EventDate "2024.12.26"]

1. e4 c5 2. Nf3 d6 3. d4 cxd4 4. Nxd4 Nf6 5. Nc3 g6 6. Be3 Nc6 7. f3 h5 8. Qd2
Nxd4 9. Bxd4 Bh6 10. Be3 Bxe3 11. Qxe3 Be6 12. Bb5+ Kf8 13. O-O-O Qa5 14. Ba4
Rc8 15. Bb3 Bxb3 16. axb3 Qc5 17. Rhe1 Qxe3+ 18. Rxe3 Kg7 19. Nd5 Nxd5 20. Rxd5
Rc7 21. c3 1/2-1/2